| 000 | 00677nam a2200205 i 4500 | ||
|---|---|---|---|
| 001 | 180957 | ||
| 003 | ES-MaACL | ||
| 005 | 20250520195916.0 | ||
| 008 | 120912s1894 fr |||| | fre d | ||
| 080 | _a782.8 | ||
| 100 | 1 |
_aBoyer, Georges ( _d1850-1932) _9151412 |
|
| 245 | 1 | 3 |
_aLe Portrait de Manon _b: opéra-comique en un acte / _cde Georges Boyer ; musique de J. Massenet. |
| 260 |
_aParis : _bHeugel, _c1894. |
||
| 300 |
_a36 p. ; _c18 cm. |
||
| 500 | _aSólo la letra. | ||
| 650 | 0 | 4 |
_aOperetas. _915719 |
| 700 | 1 |
_aMassenet, Jules, _d1842-1912 _9240595 |
|
| 852 |
_aES-MaACL _j2316-F-1 _z.- Biblioteca Jacinto Martínez Lacalle |
||
| 999 |
_c180957 _d180957 |
||